• 首页
  • 本馆介绍
  • 公告通知
  • 最新文献
  • 馆藏检索
  • 电子资源
  • 读者导购
  • 参考咨询
  • 我的图书馆
  • 登录
  • 详细信息显示
  • 放入我的书架
  • 预约/预借图书
  • 作者相关作品
  • 分类相关作品
  • 丛书相关作品
  • 出版社相关作品

书目信息

  • 表格格式
  • 工作单格式
  • 卡片格式
题名:
全球分裂
    
 
作者: 斯塔夫里阿诺斯 著 ;王红生 译
分册: 上册  
出版信息: 北京   北京大学出版社  2017
页数: 2册(731页)
开本: 25cm
丛书名:
单 册:
中图分类: D501
科图分类:
主题词: 第三世界--历史--研究
电子资源:
ISBN: 978-7-301-27165-0
000 01704nam0 2200289 450
001 275
005 20180521104017.02
010    @a978-7-301-27165-0@dCNY64.00
100    @a20170905d2017 em y0chiy50 ea
101 1  @achi@ceng
102    @aCN@b110000
105    @ay az 000yy
200 1  @a全球分裂@9quan qiu fen lie@e第三世界的历史进程@dGlobal rift@ethe Thrid World comes of age@h上册@f(美)斯塔夫里阿诺斯著@g王红生等译@zeng
210    @a北京@c北京大学出版社@d2017
215    @a2册(731页)@d25cm
314    @a斯塔夫里阿诺斯 (L.S. Stavrianos) (1913-2004),男,美国著名历史学家,加州大学历史系荣休教授,“全球史观”的倡导者,因其杰出的学术成就而荣获古根海姆奖、福特天赋奖和洛克菲勒基金奖。代表作为“全球史观”三部曲:《全球通史》《全球史纲》《全球分裂》。
314    @a王红生,北京大学历史学硕士,中国社科院研究生院历史学硕士,荷兰阿姆斯特丹大学社会科学博士。现为北京大学历史系教授、北京大学印度研究中心管理委员会成员。
320    @a有书目(第715-731页)
330    @a本书从全球视野出发,将第三世界看成西方世界自身的一部分而非只是其殖民地,考察了第三世界在1400-1980年间的历史发展进程。作者将第三世界视为一个流动的整体,按照依附论和世界体系论对其进行解释,细致地勾画出西方资本主义的形成和发展与第三世界的形成和扩大之间的相应联系,深入剖析了第三世界的经济依附和地理演变,并从广阔的角度探讨了第三世界革命运动的整体发展趋势。
510 1  @aGlobal rift@ethe Thrid World comes of age@zeng
517 1  @a第三世界的历史进程@9di san shi jie de li shi jin cheng
606 0  @a第三世界@x历史@x研究
690    @aD501@v5
701  0 @c(美)@a斯塔夫里阿诺斯@9si ta fu li a nuo si@c(Stavrianos, L.S.@f1913-2004)@4著
702  0 @a王红生@9wang hong sheng@4译
801  0 @aCN@b91MARC@c20170905
905    @aMuseLib@dD501@e248:1
    
    全球分裂:第三世界的历史进程=Global rift:the Thrid World comes of age.上册/(美)斯塔夫里阿诺斯著/王红生等译.-北京:北京大学出版社,2017
    2册(731页);25cm
    
    
    ISBN 978-7-301-27165-0:CNY64.00
    本书从全球视野出发,将第三世界看成西方世界自身的一部分而非只是其殖民地,考察了第三世界在1400-1980年间的历史发展进程。作者将第三世界视为一个流动的整体,按照依附论和世界体系论对其进行解释,细致地勾画出西方资本主义的形成和发展与第三世界的形成和扩大之间的相应联系,深入剖析了第三世界的经济依附和地理演变,并从广阔的角度探讨了第三世界革命运动的整体发展趋势。
●
相关链接 在E读中查询图书 在五车中查询图书 在当当中查询图书 在豆瓣中查询图书


正题名:全球分裂     索取号:D501/248:1         预约/预借

序号 登录号 条形码 馆藏地/架位号 状态 备注
1 1101588   211015881   第一样本阅览室/ [索取号:D501/248:1] 在馆    
2 1101589   211015890   教育系资料室/ [索取号:D501/248:1] 在馆    
3 1101590   211015907   教育系资料室/ [索取号:D501/248:1] 在馆    
4 1101591   211015916   教育系资料室/ [索取号:D501/248:1] 在馆    
5 1101592   211015925   第一借阅区/ [索取号:D501/248:1] 在馆    
6 1101593   211015934   第一借阅区/ [索取号:D501/248:1] 在馆    
唐山师范学院图书馆 欢迎您!
大连网信软件有限公司© 版权所有